| 000 | 00692nam a2200229 a 4500 | ||
|---|---|---|---|
| 005 | 20200104041615.0 | ||
| 008 | 160222b2008 ck a gr|||| 00| 0 spa d | ||
| 040 |
_aCO-BoIAVH _cCO-BoIAVH |
||
| 041 | _aspa | ||
| 082 | 0 | 4 |
_a354.5 _bC33a |
| 100 | 1 | _aCarvajal Corzo, Elvia Hercilia | |
| 245 | _aAgroecologĂa | ||
| 260 |
_aBucaramanga _bMinisterio de Ambiente, Vivienda y Desarrollo Territorial _bCDMB _c2008 |
||
| 300 |
_a116 p. _c27 x 21 cm |
||
| 650 | 4 | _aAgricultura | |
| 650 | 4 | _aMovimiento agricolas | |
| 650 | 4 | _aSuelo y fertilidad | |
| 650 | 4 | _aFertizantes | |
| 700 | 1 | _aAnaya, Pedro Antonio | |
| 942 |
_cLIBRO _2ddc |
||
| 945 | _d2009-11-09 | ||
| 999 |
_c7190 _d7190 |
||